Normal view MARC view

Entry Personal Name

Number of records used in: 1

001 - CONTROL NUMBER

  • control field: 9956

003 - CONTROL NUMBER IDENTIFIER

  • control field: DLC

005 - DATE AND TIME OF LATEST TRANSACTION

  • control field: 20231127155552.0

008 - FIXED-LENGTH DATA ELEMENTS

  • fixed length control field: 880617n| acannaab |n aaa

010 ## - LIBRARY OF CONGRESS CONTROL NUMBER

  • LC control number: n 88644552

040 ## - CATALOGING SOURCE

  • Original cataloging agency: DLC
  • Transcribing agency: DLC
  • Modifying agency: DLC

100 10 - HEADING--PERSONAL NAME

  • Personal name: Dhaliwal, G. S.

670 ## - SOURCE DATA FOUND

  • Source citation: nuc88-75641: Pathak, M.D. Trends and strategies for rice ... 1981
  • Information found: (hdg. on NcRS rept.: Dhaliwal, G. S.; usage: G.S. Dhaliwal)

Powered by Koha